00556nam a2200193Ia 4500003000400000005001700004008004100021020001800062040001800080041000800098082002200106100002300128245004800151250001200199260003700211300002700248650004000275650004700315OSt20230714100257.0210716s2009 xx 000 0 und d a9781902505893 cAIMIT LIBRARY aeng a004.694 22bSAMG aSampson, Geoffrey. aElectronic business /cBy Geoffrey Sampson. a2nd ed. aNew Delhi :bViva Books ,c2009. axx,257p. ;bPBc23 cm. aIT and the structure of the economy aE-business and the institutions of society